| 000 | 00541nam a22001937a 4500 | ||
|---|---|---|---|
| 003 | KOHA_MİRAKIL | ||
| 005 | 20251218101710.0 | ||
| 008 | 251218b tu ||||| |||| 00| 0 tur d | ||
| 020 | _a9789756311264 | ||
| 040 |
_aTR-AnABB _btur _cTR-AnABB |
||
| 041 | _atur | ||
| 082 |
_a956.21301543 _bCAV 2010 |
||
| 100 | 1 | _aCavid, İbrahim, | |
| 245 | 1 | 0 |
_aAydın vilâyet sâlnâmesi / _cİbrahim Cavid |
| 260 |
_aAnkara : _bTürkiye Belediyeler Birliği _c2010 |
||
| 300 |
_a1034 sayfa ; _c24 cm |
||
| 650 | 0 | 4 | _aTarih |
| 942 |
_2ddc _cBK |
||
| 999 |
_c9756 _d9756 |
||
| 900 | _bGizem YORULMAZ | ||